000 nam a22 7a 4500
999 _c129572
_d129572
008 190507b xxu||||| |||| 00| 0 eng d
050 _aDa470.L66 1978
245 _aThe long march of everyman 1750-1960
_cEdited by Theo Barker
260 _aMiddlesex
_bPenguin Books
_c1978
300 _a301p. ;
_c18cm.
651 _aGreat Britain
_xHistory
_xSources
_y18th Century
_946278
651 _aGreat Britain
_xHistory
_xSources
_y19th Century
_946279
651 _aGreat Britain
_xHistory
_xSources
_y20th Century
_946280
700 _aBarker, Theodore cardwell (ed.)
_946281
942 _2lcc
_cMONOGRAPH